[Event "Chigorin Memorial Open"]
[Site "St Petersburg RUS"]
[Date "2011.10.15"]
[Round "2.100"]
[White "Naboka, Sergey"]
[Black "Andreeva, Yulia"]
[Result "1-0"]
[WhiteElo "2210"]
[BlackElo "1940"]
[WhiteFideId "14123452"]
[BlackFideId "4108302"]
[EventDate "2011.10.14"]

1. e4 c5 2. Nf3 Nc6 3. Bb5 d6 4. Bxc6+ bxc6 5. O-O e5 6. c3 Nf6 7. d4 cxd4 8.
cxd4 exd4 9. Nxd4 c5 10. Nb5 a6 11. N5c3 Be7 12. Nd5 Nxd5 13. Qxd5 Be6 14. Qd3
O-O 15. Nc3 Qd7 16. Bf4 f5 17. Rfe1 Rae8 18. exf5 Rxf5 19. Bg3 c4 20. Qe3 Bf8
21. Qb6 a5 22. Rad1 d5 23. a3 Kf7 24. Nb5 Rc8 25. Nd4 Rf6 26. Qxa5 Bc5 27. Be5
Bxd4 28. Rxd4 Rf5 29. f4 h5 30. Qc3 Rc6 31. Bxg7 Qa7 32. Be5 Rb6 33. Qg3 Kf8 34.
Kh1 Qf7 35. Rd2 Qh7 36. Qh4 Qe7 37. Qf2 Qb7 38. Bd4 Rc6 39. Rde2 Qd7 40. a4 Kf7
41. Qg3 Kf8 42. Qg6 Qf7 43. Qh6+ Ke7 44. h3 Kd7 45. Be5 Qg8 46. Bc3 Qf7 47. g3
h4 48. Qxh4 Rh5 49. Qf6 Qxf6 50. Bxf6 Bxh3 51. Re7+ Kc8 52. Bc3 Bf5+ 53. Kg2
Be4+ 54. R1xe4 dxe4 55. Rxe4 Kd7 56. g4 Rh4 57. Kg3 Rh1 58. f5 Ra1 59. a5 Rg1+
60. Kf4 Rc8 61. f6 Rg8 62. Re7+ Kc6 63. Rg7 Rf8 64. g5 Rf1+ 65. Kg4 Kd5 66. a6
Ra1 67. a7 Ra8 68. g6 Rg1+ 69. Kf3 Rxg6 70. Rxg6 Rxa7 71. Rg7 1-0

[Event "Chigorin Memorial Open"]
[Site "St Petersburg RUS"]
[Date "2011.10.15"]
[Round "2.101"]
[White "Paliy, Vladimir"]
[Black "Nikitinyh, Boris"]
[Result "0-1"]
[WhiteElo "1873"]
[BlackElo "2203"]
[WhiteFideId "4135709"]
[BlackFideId "4198328"]
[EventDate "2011.10.14"]

1. e4 c6 2. d4 d5 3. e5 Bf5 4. Nc3 e6 5. g4 Bg6 6. Nge2 Bb4 7. Bd2 f6 8. Nf4 Bf7
9. Nd3 Ba5 10. Qe2 Nd7 11. O-O-O fxe5 12. Nxe5 Nxe5 13. Qxe5 Qf6 14. f4 O-O-O
15. Ne4 Bxd2+ 16. Nxd2 Qxe5 17. fxe5 Ne7 18. Bd3 Bg6 19. Nf3 Bxd3 20. Rxd3 h6
21. Rf1 Rdf8 22. Rdd1 Rf4 23. h3 Rhf8 24. Nd2 Ng6 25. c3 Kd7 26. Rxf4 Nxf4 27.
Rf1 Nd3+ 28. Kc2 Rxf1 29. Nxf1 Nf2 30. Ng3 g6 31. Kd2 Nxh3 32. Ke3 Ke7 33. Kf3
Kf7 34. Ne2 Ng5+ 35. Kg3 Ne4+ 36. Kh4 a5 37. Kh3 g5 38. Nc1 Kg6 39. Kg2 h5 40.
Kf3 b6 41. Nd3 h4 42. Ne1 c5 43. Nc2 Kf7 44. Ne3 Ke7 45. Nf1 Kd7 46. Ke3 Kc6 47.
Nh2 Kb5 48. Kd3 Kc6 49. Kc2 b5 50. b4 axb4 51. cxb4 cxd4 52. a3 Nf2 53. Kd2 d3
54. Ke3 d2 55. Kxd2 d4 56. Ke2 Ne4 57. Kd3 Kd5 58. Nf3 Nf2+ 59. Ke2 Nxg4 60.
Nxg5 Nxe5 61. Nh3 Nc4 62. Nf4+ Kd6 63. Kf3 e5 64. Ng6 h3 65. Kg3 d3 0-1

[Event "Chigorin Memorial Open"]
[Site "St Petersburg RUS"]
[Date "2011.10.15"]
[Round "2.102"]
[White "Ivanov, Rostislav"]
[Black "Safronov, Kirill"]
[Result "1-0"]
[WhiteTitle "FM"]
[WhiteElo "2202"]
[BlackElo "1932"]
[WhiteFideId "4160495"]
[BlackFideId "24141976"]
[EventDate "2011.10.14"]

1. e4 c6 2. d4 d5 3. e5 Bf5 4. Nc3 e6 5. g4 Bg6 6. Nge2 c5 7. Be3 Nc6 8. dxc5
Nxe5 9. Nd4 a6 10. f4 Nc6 11. f5 exf5 12. gxf5 Nxd4 13. Qxd4 Bxf5 14. Nxd5 Ne7
15. Bg2 Nxd5 16. Bxd5 Qa5+ 17. b4 Qc7 18. O-O Bg6 19. Bf4 Qd7 20. Rfe1+ Kd8 21.
Rad1 Bf5 22. Bxb7 Ra7 23. Qe5 Rxb7 24. Qe8# 1-0

[Event "Chigorin Memorial Open"]
[Site "St Petersburg RUS"]
[Date "2011.10.15"]
[Round "2.103"]
[White "Stroganov, Anatoly"]
[Black "Zizlova, Sofia"]
[Result "0-1"]
[WhiteElo "1866"]
[BlackElo "2199"]
[WhiteFideId "4178955"]
[BlackFideId "4123476"]
[EventDate "2011.10.14"]

1. d4 Nf6 2. Nf3 e6 3. e3 c5 4. Bd3 b6 5. O-O Bb7 6. Nbd2 Nc6 7. b3 cxd4 8. exd4
Be7 9. Bb2 O-O 10. a3 Rc8 11. Rc1 d5 12. Qe2 Bd6 13. Ne5 Qe7 14. Ra1 Nd7 15. f4
Rfe8 16. Rf3 Nf8 17. Rh3 f5 18. g4 Bxe5 19. fxe5 Ng6 20. Rf1 Qg5 21. Rg3 f4 22.
Nf3 Qe7 23. Rh3 Rf8 24. c3 Qe8 25. Qc2 Rc7 26. Ng5 Nxd4 27. Qb1 Nxb3 28. Nxh7
Nd2 29. Qc2 Nxf1 30. Kxf1 Nxe5 31. Nxf8 Qxf8 32. c4 Nxd3 33. Qxd3 Rxc4 34. Qg6
Re4 35. Rh7 Ba6+ 36. Kg2 f3+ 37. Kh3 Bf1+ 38. Kh4 Qe7+ 39. Kh5 e5 40. Bc1 Bh3
41. Bg5 Bxg4+ 42. Kh4 Qf7 43. Qxf7+ Kxf7 44. Kg3 Kg6 45. Rh4 Kxg5 46. Rh8 Rf4
47. Kf2 d4 48. Rg8 d3 49. Rxg7+ Kf6 50. Rg8 d2 0-1

[Event "Chigorin Memorial Open"]
[Site "St Petersburg RUS"]
[Date "2011.10.15"]
[Round "2.104"]
[White "Palchun, Grigory"]
[Black "Evsyukov, Aleksey"]
[Result "1-0"]
[WhiteElo "2194"]
[BlackElo "1902"]
[WhiteFideId "24147338"]
[BlackFideId "24159557"]
[EventDate "2011.10.14"]

1. e4 c5 2. Nc3 d6 3. g3 Nc6 4. Bg2 g6 5. d3 Bg7 6. f4 e6 7. Nf3 Nge7 8. O-O O-O
9. Be3 Nd4 10. e5 Nxf3+ 11. Qxf3 Nf5 12. Bf2 Nd4 13. Qd1 d5 14. Na4 b6 15. b4
Bd7 16. bxc5 Bxa4 17. Bxd4 Rc8 18. cxb6 Bxc2 19. Qd2 axb6 20. Rfc1 Ba4 21. Rxc8
Qxc8 22. Bxb6 Qa6 23. Qa5 Qxa5 24. Bxa5 Rb8 25. Bc3 Bf8 26. Bf3 Rc8 27. Bd4 Bc2
28. Rc1 Ba3 29. Re1 Bxd3 30. Re3 Rc1+ 31. Kf2 Rc2+ 32. Kg1 Rc1+ 33. Kg2 Rc2+ 34.
Kg1 Rc1+ 35. Kg2 Rc2+ 36. Kg1 Rc1+ 37. Kf2 Rc2+ 38. Be2 Rxe2+ 39. Rxe2 Bxe2 40.
Kxe2 h5 41. Kd3 Kf8 42. Kc2 Ke8 43. Kb3 Be7 44. a4 Kd7 45. a5 Kc6 46. a6 Bf8 47.
a7 Kb7 48. Ka4 Be7 49. Kb5 Bf8 50. a8=Q+ Kxa8 51. Kc6 Bh6 52. Kd7 g5 53. fxg5
Bxg5 54. Ke8 h4 55. gxh4 Bxh4 56. Kxf7 Kb7 57. Kxe6 Kc6 58. Kf7 1-0

[Event "Chigorin Memorial Open"]
[Site "St Petersburg RUS"]
[Date "2011.10.15"]
[Round "2.105"]
[White "Shaydullina, Sandugach"]
[Black "Bondarenko, Dmitry"]
[Result "1-0"]
[WhiteTitle "WGM"]
[WhiteElo "2191"]
[BlackElo "1894"]
[WhiteFideId "4140389"]
[BlackFideId "34105708"]
[EventDate "2011.10.14"]

1. d4 d5 2. Nf3 Nf6 3. c4 c6 4. Nc3 e6 5. Qd3 Be7 6. g3 b6 7. cxd5 exd5 8. Bg2
Ba6 9. Qc2 O-O 10. O-O Re8 11. Ne5 Bb7 12. Rd1 Nfd7 13. Nd3 Bf6 14. Nf4 Nf8 15.
e4 dxe4 16. Nxe4 Ng6 17. d5 c5 18. Nxg6 hxg6 19. Be3 Nd7 20. Nd6 Bc8 21. Nxe8
Qxe8 22. Rab1 Ne5 23. Be4 Bg4 24. Re1 Nf3+ 25. Bxf3 Bxf3 26. Bxc5 Qd7 27. Qd3
Qxd5 28. Qxd5 Bxd5 29. Ba3 Bxa2 30. Rbc1 a5 31. Re2 b5 32. Bd6 Bc4 33. Rd2 Re8
34. Bc7 a4 35. Ba5 Bg5 36. f4 Be7 37. Bb6 Bb4 38. Rd8 Rxd8 39. Bxd8 Bc5+ 40. Kg2
Bd5+ 41. Kh3 Be6+ 42. g4 Be3 43. Rc6 Bxf4 44. Bc7 Bxc7 45. Rxc7 Kf8 46. Kg3 Ke8
47. Kf4 Kd8 48. Ra7 Bd7 49. Ke5 Ke7 50. Rb7 f6+ 51. Kd5 f5 52. g5 f4 53. Ke4 f3
54. Kxf3 Kd6 55. Ke3 Kc6 56. Rb8 Kc5 57. Rb7 Bf5 58. Rxg7 b4 59. Ra7 Kc4 60.
Rxa4 Kb3 61. Ra5 Bd7 62. Rd5 Be6 63. Rb5 Kc4 64. Rb6 Bf7 65. h4 b3 66. Rf6 Be8
67. Rf8 Bd7 68. Rf4+ Kc5 69. Kd3 1-0

[Event "Chigorin Memorial Open"]
[Site "St Petersburg RUS"]
[Date "2011.10.15"]
[Round "2.106"]
[White "Rjanova, Valery"]
[Black "Sladkov, Andrey"]
[Result "1-0"]
[WhiteElo "2187"]
[BlackElo "1885"]
[WhiteFideId "24129119"]
[BlackFideId "24160350"]
[EventDate "2011.10.14"]

1. e4 c6 2. d4 d5 3. Nd2 dxe4 4. Nxe4 Bf5 5. Ng3 Bg6 6. N1e2 h6 7. Nf4 Bh7 8. c3
Nf6 9. Bc4 Nbd7 10. Qb3 Qb6 11. Bxf7+ Kd8 12. Ne6+ Kc8 13. Qc4 Qb5 14. Qxb5 cxb5
15. O-O Bg8 16. Bxg8 Rxg8 17. b3 Nb6 18. Ba3 Kd7 19. Rfe1 Re8 20. Rac1 Nbd5 21.
c4 bxc4 22. bxc4 Nc7 23. d5 g6 24. Rcd1 Nxe6 25. dxe6+ Kc8 26. Ne2 b6 27. Nd4
Kb7 28. c5 bxc5 29. Bxc5 Rc8 30. Rb1+ Ka6 31. Bxa7 Kxa7 32. Re3 1-0

[Event "Chigorin Memorial Open"]
[Site "St Petersburg RUS"]
[Date "2011.10.15"]
[Round "2.107"]
[White "Pimenov, Revolt"]
[Black "Zakharov, Yuri"]
[Result "1-0"]
[WhiteElo "2179"]
[BlackElo "1869"]
[WhiteFideId "4146590"]
[BlackFideId "4166620"]
[EventDate "2011.10.14"]

1. c4 Nf6 2. Nc3 e5 3. g3 d6 4. Bg2 g6 5. e3 Bg7 6. Nge2 O-O 7. O-O Re8 8. b4 c6
9. a4 Be6 10. d3 Qc7 11. a5 Na6 12. Ba3 Rad8 13. b5 Nb8 14. Qa4 Bc8 15. Rab1 a6
16. Rfc1 c5 17. bxa6 bxa6 18. Rb6 Rf8 19. Qb3 Nbd7 20. Ra1 Nxb6 21. axb6 Qb8 22.
b7 Bf5 23. d4 exd4 24. exd4 cxd4 25. Nxd4 Bd7 26. Qb6 Ne8 27. Nd5 Kh8 28. Bb4
Kg8 29. Rxa6 Bxd4 30. Qxd4 1-0

[Event "Chigorin Memorial Open"]
[Site "St Petersburg RUS"]
[Date "2011.10.15"]
[Round "2.109"]
[White "Bukhteeva, Viktoria"]
[Black "Startsev, Andrei"]
[Result "1/2-1/2"]
[WhiteTitle "WFM"]
[WhiteElo "2178"]
[BlackElo "1867"]
[WhiteFideId "4192907"]
[BlackFideId "24101850"]
[EventDate "2011.10.14"]

1. e4 e5 2. Nf3 Nf6 3. Nxe5 d6 4. Nf3 Nxe4 5. c4 c6 6. Nc3 Nf6 7. d4 d5 8. Bg5
Be7 9. Bxf6 Bxf6 10. cxd5 O-O 11. dxc6 Nxc6 12. d5 Re8+ 13. Be2 Ne7 14. d6 Nf5
15. O-O Nxd6 16. Nd5 Bxb2 17. Rb1 Bf6 18. Rc1 Rf8 19. Qa4 Bf5 20. Rfd1 Re8 21.
Nc7 Re4 22. Qa3 Rc8 23. Rxd6 Qe7 24. Bd3 Rxc7 25. Rxc7 Qxc7 26. Bxe4 Bxe4 27.
Rd1 Qb6 28. Qa4 Bc6 29. Qf4 h6 30. h4 Qc5 31. Rd2 a6 32. Re2 Bb5 33. Re1 Bc6 34.
Qc7 Qa3 35. Qc8+ Kh7 36. Qf5+ Kg8 37. Re2 Qc1+ 38. Kh2 Qf1 39. Rd2 Qc1 40. Rc2
Qa3 41. Rd2 Qc1 42. Rd3 Qc4 43. Qc8+ Kh7 44. Qf5+ Kg8 45. Qc8+ 1/2-1/2

[Event "Chigorin Memorial Open"]
[Site "St Petersburg RUS"]
[Date "2011.10.15"]
[Round "2.110"]
[White "Kantyshev, Nikita"]
[Black "Polonovsky, Evgeny"]
[Result "0-1"]
[WhiteElo "1833"]
[BlackElo "2172"]
[WhiteFideId "4186737"]
[BlackFideId "4144813"]
[EventDate "2011.10.14"]

1. e4 c5 2. Nf3 Nc6 3. d4 cxd4 4. Nxd4 e5 5. Nxc6 bxc6 6. Nc3 Nf6 7. Bc4 Bc5 8.
O-O O-O 9. Bg5 a5 10. Kh1 h6 11. Bh4 d6 12. h3 Be6 13. Bb3 Bd4 14. Qf3 g5 15.
Bg3 Bxc3 16. Qxc3 Nxe4 17. Qxc6 Nxg3+ 18. fxg3 Rc8 19. Qe4 Qe7 20. g4 Kg7 21. c4
h5 22. c5 Rxc5 23. Bxe6 Qxe6 24. Rf5 f6 25. gxh5 Rc4 26. Qf3 d5 27. Rd1 Rd8 28.
h6+ Kg6 29. h7 Qxf5 0-1

[Event "Chigorin Memorial Open"]
[Site "St Petersburg RUS"]
[Date "2011.10.15"]
[Round "2.111"]
[White "Ezov, Roman"]
[Black "Trofimchuk, Vladimir"]
[Result "1-0"]
[WhiteElo "2170"]
[BlackElo "1857"]
[WhiteFideId "4502078"]
[BlackFideId "4199227"]
[EventDate "2011.10.14"]

1. e4 e5 2. Nf3 Nc6 3. Bb5 a6 4. Ba4 Bc5 5. O-O d6 6. Bxc6+ bxc6 7. c3 Bg4 8. d4
exd4 9. cxd4 Bxf3 10. gxf3 Bb6 11. Be3 Ne7 12. f4 d5 13. f3 Qd7 14. e5 Nf5 15.
Bf2 O-O 16. Nc3 Rae8 17. Rc1 f6 18. Na4 fxe5 19. fxe5 Re6 20. Nc5 Bxc5 21. Rxc5
Qf7 22. f4 Rh6 23. Qf3 Nh4 24. Bxh4 Rxh4 25. f5 Rxd4 26. Rxc6 Re4 27. e6 Qf6 28.
Rxc7 Qxb2 29. Qg3 Qd4+ 30. Kh1 Rxe6 31. f6 Qe4+ 32. Kg1 g6 33. Qh3 Qe3+ 34. Qxe3
Rxe3 35. Rg7+ Kh8 36. Rd7 Re6 37. f7 Kg7 38. a4 Rf6 39. Rxf6 Kxf6 40. Rxd5 Rxf7
41. Rd6+ Ke5 42. Rxa6 Kd5 43. Kg2 Kc5 44. Kg3 Rd7 45. Kg4 Rd2 46. h3 Rg2+ 47.
Kf4 Rh2 48. Kg3 Ra2 49. Ra7 Kd5 50. Kg4 Ke6 51. a5 h6 52. a6 Ra4+ 53. Kg3 Kf5
54. Rf7+ Kg5 55. a7 Ra3+ 56. Kf2 Kh4 57. Rf4+ Kxh3 58. Rf3+ 1-0

[Event "Chigorin Memorial Open"]
[Site "St Petersburg RUS"]
[Date "2011.10.15"]
[Round "2.112"]
[White "Egorov, Daniil"]
[Black "Pogosian, Vladimir"]
[Result "0-1"]
[WhiteElo "1826"]
[BlackElo "2166"]
[WhiteFideId "24171956"]
[BlackFideId "13301586"]
[EventDate "2011.10.14"]

1. e4 d6 2. d4 g6 3. Nc3 Bg7 4. Be3 c6 5. Qd2 Qa5 6. f4 b5 7. Bd3 Bb7 8. Nf3 Nf6
9. e5 b4 10. Ne4 Nxe4 11. Bxe4 d5 12. Bd3 e6 13. O-O Qb6 14. Bf2 Nd7 15. c3 Bf8
16. Bh4 c5 17. dxc5 Bxc5+ 18. Bf2 a5 19. Nd4 Ba6 20. Bxa6 Qxa6 21. Nb3 Bxf2+ 22.
Rxf2 bxc3 23. Qxc3 O-O 24. g4 Rfc8 25. Qg3 Qb6 26. Rd1 Rc2 27. Nd4 Rxb2 28. Rxb2
Qxb2 29. f5 Rc8 30. f6 Rc1 31. Qd3 Nxe5 32. Rxc1 Qxc1+ 33. Qf1 Qe3+ 34. Kh1 Qe4+
35. Kg1 Qxd4+ 36. Kh1 Nxg4 37. h3 Qxf6 38. Qg2 Qa1+ 0-1

[Event "Chigorin Memorial Open"]
[Site "St Petersburg RUS"]
[Date "2011.10.15"]
[Round "2.115"]
[White "Lagashin, Pavel"]
[Black "Mironova, Natalia"]
[Result "1-0"]
[WhiteElo "2140"]
[BlackElo "1811"]
[WhiteFideId "24132144"]
[BlackFideId "4110935"]
[EventDate "2011.10.14"]

1. d4 Nf6 2. c4 c5 3. d5 b5 4. cxb5 a6 5. bxa6 g6 6. Nc3 Bxa6 7. g3 d6 8. Bg2
Bg7 9. Nf3 O-O 10. O-O Nbd7 11. Rb1 Ng4 12. Bd2 Nge5 13. Nxe5 Nxe5 14. b3 Qc7
15. Qc1 Rfb8 16. Re1 Ra7 17. h3 Rab7 18. f4 Nd7 19. Qc2 c4 20. bxc4 Qxc4 21.
Rxb7 Rxb7 22. Qa4 Rb4 23. Qxd7 Bxc3 24. Bxc3 Qxc3 25. Kf2 Qd4+ 26. Kf1 Qe3 27.
Qd8+ Kg7 28. Qa5 Rb6 29. Bh1 Bc4 30. Kg2 Rb5 31. Qa4 Bxd5+ 32. Kf1 Rc5 33. Bxd5
Rxd5 34. Qb3 Qd2 35. Rb1 e5 36. fxe5 dxe5 37. Kf2 Rc5 38. Rd1 Qg5 39. Qe3 Qf6+
40. Qf3 Qe6 41. Qa3 Rc2 42. Qb3 Qf5+ 43. Ke3 Qc8 44. Qd5 Rc5 45. Qd6 Ra5 46. a3
Qxh3 47. Kf2 Qf5+ 48. Kg1 Qg4 49. Qd3 Ra4 50. Rf1 h5 51. Qb3 Ra7 52. Qe3 Qe6 53.
Qxa7 1-0

[Event "Chigorin Memorial Open"]
[Site "St Petersburg RUS"]
[Date "2011.10.15"]
[Round "2.116"]
[White "Andronov, Ilya"]
[Black "Dzhavathanov, Magomed"]
[Result "0-1"]
[WhiteElo "2129"]
[BlackElo "1793"]
[WhiteFideId "24142239"]
[BlackFideId "24106020"]
[EventDate "2011.10.14"]

1. e4 d6 2. d4 Nf6 3. Nc3 g6 4. f4 Bg7 5. Nf3 c6 6. Bd3 Qb6 7. e5 dxe5 8. fxe5
Nd5 9. Ne4 Nb4 10. Bc4 N8a6 11. O-O Bf5 12. Neg5 e6 13. Nxf7 Kxf7 14. g4 Bxc2
15. Qd2 Ke7 16. a3 Raf8 17. axb4 Nxb4 18. b3 Be4 19. Ba3 a5 20. Kg2 c5 21. Bb2
h5 22. h3 hxg4 23. hxg4 Qc6 24. Be2 b6 25. dxc5 Qxc5 26. Rac1 Nc2 27. Qg5+ Ke8
28. Rfd1 Bf6 29. Qd2 Rh2+ 0-1

[Event "Chigorin Memorial Open"]
[Site "St Petersburg RUS"]
[Date "2011.10.15"]
[Round "2.117"]
[White "Shagdurov, Denis"]
[Black "Kulagin, Sergey"]
[Result "0-1"]
[WhiteElo "1789"]
[BlackElo "2128"]
[WhiteFideId "24136735"]
[BlackFideId "4193253"]
[EventDate "2011.10.14"]

1. e4 c5 2. Nf3 Nc6 3. d4 cxd4 4. Nxd4 Nf6 5. Nc3 e5 6. Ndb5 d6 7. Bg5 a6 8. Na3
b5 9. Nd5 Be7 10. Bxf6 Bxf6 11. c4 b4 12. Nc2 a5 13. g3 Bg5 14. h4 Bh6 15. Bh3
Bxh3 16. Rxh3 Rb8 17. b3 O-O 18. Nce3 Bxe3 19. Nxe3 Nd4 20. Qd3 a4 21. Nc2 Qd7
22. Rh1 Nxc2+ 23. Qxc2 axb3 24. axb3 f5 25. O-O-O fxe4 26. Rhe1 Qa7 27. Re2 Rf3
28. Qxe4 Qa1+ 29. Qb1 Rc3+ 30. Kd2 Qa3 31. Qe4 Qxb3 32. Qd5+ Kh8 33. Ke1 Qxc4
34. Qxd6 Rg8 35. Qxe5 b3 36. Qd4 Qc6 37. Re3 Rc2 38. f3 b2 39. Qe4 Qxe4 40. fxe4
Rc1 41. Rb3 Rd8 0-1

[Event "Chigorin Memorial Open"]
[Site "St Petersburg RUS"]
[Date "2011.10.15"]
[Round "2.118"]
[White "Pyatin, Alexander"]
[Black "Gudkina, Zhanna"]
[Result "0-1"]
[WhiteElo "2124"]
[BlackElo "1781"]
[WhiteFideId "24125920"]
[BlackFideId "24102318"]
[EventDate "2011.10.14"]

1. e4 e5 2. Nf3 Nc6 3. d4 exd4 4. Nxd4 Bc5 5. Be3 Qf6 6. c3 Nge7 7. g3 d5 8. Bg2
Bxd4 9. cxd4 dxe4 10. Nc3 Bf5 11. Nxe4 Bxe4 12. Bxe4 O-O-O 13. O-O Nxd4 14. Qa4
Nec6 15. Kh1 a6 16. Rac1 Rhe8 17. Bg2 h5 18. Rc4 Re6 19. Rfc1 Kb8 20. Rc5 Rdd6
21. Rxh5 g6 22. Rhc5 Ne2 23. Rb1 Qd8 24. b4 Nxb4 25. Qxb4 Rd1+ 26. Bf1 Rb6 27.
Rb5 Rxb1 28. Qxb1 Rxb5 29. Qc2 Qd5+ 30. Bg2 Rb2 31. Qxc7+ Kxc7 32. Bxd5 f6 33.
Bf7 g5 34. h4 gxh4 35. gxh4 Rb4 36. h5 Rh4+ 37. Kg2 Kd7 38. h6 Ke7 39. Bd5 b5
40. Bc5+ Ke8 41. Bb7 Rxh6 42. Bxa6 Nc3 43. a4 bxa4 44. Bd4 f5 45. Bf1 Rg6+ 46.
Kf3 Rc6 47. Ke3 a3 48. Bg2 Rc8 0-1

[Event "Chigorin Memorial Open"]
[Site "St Petersburg RUS"]
[Date "2011.10.15"]
[Round "2.119"]
[White "Skafar, Darya"]
[Black "Minina, Veronika"]
[Result "0-1"]
[WhiteElo "1735"]
[BlackElo "2120"]
[WhiteFideId "24167169"]
[BlackFideId "4174780"]
[EventDate "2011.10.14"]

1. e4 c5 2. c3 d5 3. exd5 Qxd5 4. d4 e6 5. Nf3 Nf6 6. Be2 Be7 7. O-O O-O 8. Be3
cxd4 9. cxd4 Nc6 10. Nc3 Qd6 11. a3 b6 12. Nb5 Qd8 13. Rc1 Bb7 14. b4 Nd5 15.
Qb3 Bf6 16. Rfd1 Qe7 17. Nc3 Nxc3 18. Rxc3 Qd6 19. Rcd3 Ne7 20. R3d2 Bd5 21. Qb2
Nf5 22. Ne1 Rac8 23. Bf3 Rc4 24. Be2 Rc7 25. g3 Nxe3 26. fxe3 Bg5 27. Kf2 Rfc8
28. Rc2 Rxc2 29. Nxc2 Qe7 30. Rf1 Qf6+ 31. Kg1 Rxc2 32. Qxc2 Bxe3+ 0-1

[Event "Chigorin Memorial Open"]
[Site "St Petersburg RUS"]
[Date "2011.10.15"]
[Round "2.120"]
[White "Bratus, Petr P"]
[Black "Gusev, Boris"]
[Result "1-0"]
[WhiteElo "2119"]
[BlackElo "1734"]
[WhiteFideId "4168682"]
[BlackFideId "24121479"]
[EventDate "2011.10.14"]

1. Nf3 Nf6 2. c4 c5 3. g3 g6 4. Bg2 Bg7 5. O-O Nc6 6. Nc3 O-O 7. d4 cxd4 8. Nxd4
Qb6 9. Nc2 d6 10. b3 Be6 11. Rb1 Rac8 12. Bb2 Qd8 13. Qd2 Qd7 14. Rfe1 Ng4 15.
Nd5 Bxb2 16. Rxb2 f5 17. Nd4 Bf7 18. h3 Nf6 19. Nxf6+ exf6 20. Nb5 Rcd8 21. Rd1
d5 22. cxd5 Ne7 23. Qb4 a6 24. Nc3 b5 25. Rbd2 Qd6 26. Qd4 Rd7 27. f4 Rfd8 28.
b4 Nc6 29. Qc5 Nxb4 30. Qxd6 Rxd6 31. a3 Nc6 32. Rd3 Ne7 33. Kf2 Kg7 34. Bf3 h5
35. Rb1 Rb8 36. Rb4 Be8 37. Rb1 Bd7 38. Rbd1 Nc8 39. e4 Rdb6 40. e5 b4 41. axb4
fxe5 42. fxe5 Rxb4 43. e6 Rb2+ 44. R1d2 Bxe6 45. dxe6 Rxd2+ 46. Rxd2 Nb6 47. Rb2
Nd7 48. Rxb8 Nxb8 49. Ke3 a5 50. Kd4 Kf6 51. Bd5 Na6 52. Bc4 Nb4 53. Nd5+ Kxe6
54. Nxb4+ 1-0

[Event "Chigorin Memorial Open"]
[Site "St Petersburg RUS"]
[Date "2011.10.15"]
[Round "2.121"]
[White "Popov, Artemiy"]
[Black "Kuzmin, Egor"]
[Result "0-1"]
[WhiteElo "1649"]
[BlackElo "2117"]
[WhiteFideId "24136727"]
[BlackFideId "24101737"]
[EventDate "2011.10.14"]

1. e4 c5 2. Nf3 Nc6 3. d4 cxd4 4. Nxd4 Nf6 5. Nc3 d6 6. f3 e5 7. Nb3 a5 8. Bb5
Be7 9. Be3 O-O 10. O-O Be6 11. Qd2 Na7 12. Bd3 Bd7 13. Qf2 Nc8 14. Rad1 a4 15.
Nd2 Rb8 16. Bb5 a3 17. b3 Qa5 18. Bxd7 Qxc3 19. Bxc8 Rfxc8 20. Ba7 Ra8 21. Nc4
Rxc4 22. bxc4 Qxc4 23. c3 d5 24. Be3 dxe4 25. Qc2 Nd5 26. Rxd5 Qxd5 27. fxe4 Qc4
28. Rb1 Bc5 29. Kf2 Bxe3+ 30. Kxe3 b5 31. Qb3 Qc5+ 32. Ke2 Rd8 33. Qb4 Qc6 34.
Ke3 Qd7 35. Kf2 Qd2+ 36. Kg1 Qe3+ 37. Kh1 Qe2 38. Qxa3 Rd1+ 0-1

[Event "Chigorin Memorial Open"]
[Site "St Petersburg RUS"]
[Date "2011.10.15"]
[Round "2.122"]
[White "Kostyuchenko, Vladimir"]
[Black "Filin, Evgeny"]
[Result "1-0"]
[WhiteElo "2107"]
[BlackElo "1709"]
[WhiteFideId "4126084"]
[BlackFideId "24184764"]
[EventDate "2011.10.14"]

1. d4 Nf6 2. c4 g6 3. Nc3 Bg7 4. e4 d6 5. Nf3 O-O 6. Be2 e5 7. O-O Nc6 8. d5 Ne7
9. Ne1 Ne8 10. Be3 f5 11. f3 f4 12. Bf2 g5 13. c5 a6 14. cxd6 cxd6 15. Na4 h5
16. Nb6 Rb8 17. Rc1 Nf6 18. Qb3 Ng6 19. Nxc8 Rxc8 20. Rxc8 Qxc8 21. Nd3 g4 22.
Rc1 Qd7 23. Qb6 Rf7 24. Be1 Nxe4 25. fxe4 f3 26. Bf1 Bh6 27. Rc2 Nf4 28. Nxf4
Bxf4 29. g3 Bg5 30. b3 Bd8 31. Qa7 h4 32. gxh4 Rh7 33. Qb8 Kg7 34. Qc8 Bb6+ 35.
Bf2 Bxf2+ 36. Kxf2 Kg6 37. Qxd7 Rxd7 38. Kg3 Kh5 39. Rc8 a5 40. Bb5 Rf7 41. Be8 1-0

[Event "Chigorin Memorial Open"]
[Site "St Petersburg RUS"]
[Date "2011.10.15"]
[Round "2.123"]
[White "Kalinin, Nikita"]
[Black "Lysukha, Nikita"]
[Result "0-1"]
[WhiteElo "2102"]
[BlackElo "1683"]
[WhiteFideId "24155390"]
[BlackFideId "24177610"]
[EventDate "2011.10.14"]

1. e4 c6 2. d4 d5 3. exd5 cxd5 4. c4 Nf6 5. Nc3 e6 6. c5 Nc6 7. Nf3 g6 8. Bb5
Bd7 9. O-O Bg7 10. Bf4 O-O 11. Bd6 Re8 12. Ne5 Bf8 13. Bxc6 Bxc6 14. Nxc6 bxc6
15. Bxf8 Rxf8 16. Qa4 Qc7 17. b4 a6 18. Rfe1 Qf4 19. Ne2 Qc7 20. g3 Ne4 21. Rad1
Rfb8 22. f3 Nf6 23. Rb1 Nd7 24. Nf4 e5 25. dxe5 Nxe5 26. Kg2 Rb5 27. Qd1 Rbb8
28. Qd4 Re8 29. a4 Nc4 30. b5 axb5 31. axb5 Rxe1 32. Rxe1 Qa5 33. Re7 Qxb5 34.
Nd3 Ra2+ 35. Kh3 Qb8 36. Qf6 Qc8+ 37. g4 Qf8 38. Nf4 Ra3 39. Rd7 Rxf3+ 40. Kg2
Re3 41. h4 Re8 42. Nd3 Qg7 43. Qxc6 Qd4 44. Nf2 Re2 45. Qc8+ Kg7 46. Rxf7+ Kxf7
47. Qd7+ Re7 48. Qc8 Ne3+ 49. Kf3 Qf6+ 50. Kg3 Nc4 51. c6 Re3+ 52. Kg2 Qf3+ 53.
Kf1 Nd2+ 0-1

[Event "Chigorin Memorial Open"]
[Site "St Petersburg RUS"]
[Date "2011.10.15"]
[Round "2.125"]
[White "Emdin, Mark"]
[Black "Edilsultanova, Zalina"]
[Result "1-0"]
[WhiteElo "2088"]
[BlackElo "1621"]
[WhiteFideId "4100050"]
[BlackFideId "24164798"]
[EventDate "2011.10.14"]

1. d4 Nf6 2. c4 c5 3. Nf3 cxd4 4. Nxd4 e5 5. Nf3 e4 6. Nd4 d5 7. e3 Bb4+ 8. Bd2
Bxd2+ 9. Qxd2 O-O 10. Nc3 dxc4 11. Bxc4 Nbd7 12. h3 Ne5 13. Be2 Bd7 14. O-O Rc8
15. Rfd1 Qe7 16. Rac1 Nc4 17. Bxc4 Rxc4 18. Nd5 Qc5 19. Nxf6+ gxf6 20. Nb3 Qb5
21. Rxc4 Qxc4 22. Qxd7 Qc2 23. Qd2 Qc7 24. Qc3 Qe7 25. Qc5 Qe6 26. Qd5 Qa6 27.
Nc5 Qe2 28. Nd7 Rc8 29. Nxf6+ Kf8 30. Nxh7+ Kg7 31. Ng5 f5 32. Qd7+ Kg6 33. Rd6+ 1-0